000 00462nam a22001937a 4500
003 MPLRDC
005 20220104144013.0
008 210129b ||||| |||| 00| 0 eng d
020 _a957-8893-65-5
082 _a297 HBG-3
100 _a胡不归
245 _a灵异奇谭
_c
250 _a初版
260 _a
_b金菠萝文化出版社
_c1995
300 _b
490 _a通灵人之八
650 _a异象奇闻; 奇迹
942 _cBK
_o297 HBG-3
999 _c45449
_d45439